Las Letras, las Ciencias y las Bellas Artes en Colombia (Registro nro. 323586)

Detalles MARC
000 -ENCABEZADO
Número de control [NR] 01666nam a2200265Ia 4500
005 - FECHA Y HORA DE LA ÚLTIMA TRANSACCIÓN
control field 20240116100556.0
008 - DE LONGITUD FIJA DE DATOS DE ELEMENTOS - INFORMACIÓN GENERAL
Elementos de longitud fija [NR] 130821s1936 ck fr | 0dspa
040 ## - FUENTE DE CATALOGACION [NR]
Agencia de catalogación original [NR] Co-BoUCM
Idioma de catalogación [NR] spa
Quien Cataloga Sandra Yazo
Quien Clasifica Sandra Yazo
041 0# - CODIGO DE IDIOMA [R]
Código de idioma para texto/pista de sonido o título separado [R] Español
082 04 - NUMERO DE CLASIFICACION DECIMAL DEWEY [R]
Número de clasificación [R] 808
Número de la edición [NR] 20
092 ## - SIGNATURA TOPOGRAFICA LOCAL
Número de clasificación local E52N084
100 1# - ASIENTO PRINCIPAL--NOMBRE PERSONAL [NR]
Nombre personal [NR] Arboleda, Sergio
Fechas asociadas con el nombre [NR] 1822-1888
ID Autoridad 178089
245 14 - MENCION DE TITULO [NR]
Título [NR] Las Letras, las Ciencias y las Bellas Artes en Colombia
Mención de responsabilidad, etc. [NR] por Sergio Arboleda
260 ## - PUBLICACION, DISTRIBUCION, ETC. (PIE DE IMPRENTA) [R]
Lugar de publicación, distribución, etc. [R] Bogotá (Colombia)
Nombre del editor, distribuidor, etc. [R] Editorial Minerva S. A.
Fecha de publicación, distribución, etc. [R] 1936
300 ## - DESCRIPCION FISICA [R]
Extensión [R] 164, [1] páginas
Dimensiones [R] 18 x 14 cm.
490 #0 - MENCION DE SERIE [R]
Mención de serie [R] Biblioteca Aldeana de Colombia
Designación numérica/secuencial del volumen [NR] 51
500 ## - NOTA GENERAL [R]
Nota general [NR] Detalles físicos: Sin encuadernación original. Actualmente: Encuadernación rígida (holandesa) en cartón forrado en papel jaspeado en tono azul. Lomo de tela, con letras y líneas decorativas en dorado. Cortes decorados (jaspeado azul). Guardas. Hoja de cortesía. Portada impresa en una sola tinta. Grabado con el emblema de la Colección. Texto impreso en una sola columna, con diferentes tipos y tamaños de letra. Notas de pie de página. Papel oxidado en bordes de las hojas. En la encuadernación (lomo) se indica una numeración (51). Colección Aldeana de Colombia es una selección de Samper Ortega de Literatura Colombiana.
505 0# - NOTA DE CONTENIDO CON FORMATO PREESTABLECIDO [R]
Nota de contenido con formato preestablecido [NR] D. Sergio Arboleda /Marco Fidel Suárez -- Las Letras, las Ciencias y las Bellas Artes en Colombia : Parte I y II
506 ## - NOTA DE RESTRICCIONES DE ACCESO [R]
Condiciones de acceso [NR] Consulta en sala
650 #7 - ASIENTO SECUNDARIO DE MATERIA - TERMINO TEMATICO [R]
Término temático o nombre geográfico como elemento de entrada [NR] Arte colombiano
9 (RLIN) 43667
Subdivisión general [R] Historia y crítica
650 #7 - ASIENTO SECUNDARIO DE MATERIA - TERMINO TEMATICO [R]
Término temático o nombre geográfico como elemento de entrada [NR] Cultura
Subdivisión geográfica [R] Colombia
9 (RLIN) 12390
Subdivisión general [R] Historia y crítica
650 #7 - ASIENTO SECUNDARIO DE MATERIA - TERMINO TEMATICO [R]
Término temático o nombre geográfico como elemento de entrada [NR] Literatura colombiana
Subdivisión general [R] Historia y crítica
9 (RLIN) 74041
690 ## - ASUNTO AGREGADO LOCAL DE ENTRADA - TÉRMINO TEMÁTICO (OCLC, RLIN)
Acceso temático local Arte
9 (RLIN) 9444
942 ## - ELEMENTOS DE ENTRADA AGREGADOS (KOHA)
Tipo de ítem principal el descrito en 300a Libro
Tema principal 21
Edición 1
Sistema de clasificación LOCAL
Clasificación E52N084
Título oculto en OPAC No
Existencias
Suprimido Perdido Sistema de clasificación Dañado No prestable Tipo de ítem específico Ubicación habitual Ubicación actual Localización Fecha de creación Forma de adquisición Costo Total préstamos Signatura topográfica Código de barras Última vez visto Ejemplar Price effective from Tipo de ítem
    LOCAL     Libro archivo Archivo Histórico Archivo Histórico Archivo histórico 11/12/2023 Donación 0.00   E52N084 L006917 11/12/2023 Ej.1 11/12/2023 Libro